LIBRARY & INFORMATION CENTRE, KCAET, TAVANUR

ONLINE PUBLIC ACCESS CATALOGUE (OPAC)

Text book of mathematics: for polytechnic courses / (Record no. 9446)

MARC details
000 -LEADER
fixed length control field 00494cam a2200193ua 4500
041 ## - LANGUAGE CODE
Language code of text/sound track or separate title eng
082 ## - DEWEY DECIMAL CLASSIFICATION NUMBER
Classification number 510
Item number THR/TE
100 ## - MAIN ENTRY--AUTHOR NAME
Personal name Thrivikraman, R .
245 ## - TITLE STATEMENT
Title Text book of mathematics: for polytechnic courses /
250 ## - EDITION STATEMENT
Edition statement 1 /
260 ## - PUBLICATION, DISTRIBUTION, ETC. (IMPRINT)
Place of publication Chennai :
Name of publisher The National Publishing Co ,
Year of publication 1959.
300 ## - PHYSICAL DESCRIPTION
Number of Pages 333 ; .
942 ## - ADDED ENTRY ELEMENTS (KOHA)
Koha item type Books
Holdings
Withdrawn status Lost status Damaged status Home library Current library Date acquired Full call number Accession Number Koha item type
      KAUAET KAUAET 07/04/2012 510 7781A Books
      KAUAET KAUAET 07/04/2012 510 7781D Books
free website counter